000 00882nas a2200289 4500
001 BR0402543
003 BR-BrBNA
005 20231205104602.0
007 ta
008 230509b bl.|||p| |||| 00| 00por d
040 _aBR-BrBNA
_bpor
_cBiblioteca Nacional de Agricultura
041 _a(Pt)
072 _aF02; F01
100 1 _aTerra, M.M.
100 1 _aPires, E.J.P.
100 1 _aPommer, C.V.
100 1 _aBotelho, R.V.
245 1 _aProdutividade da cultivar de uva de mesa Niagara Rosada sobre diferentes porta-enxertos, em Monte Alegre do Sul - SP
650 _aUVA
650 _aRENDIMENTO
650 _aPORTA ENXERTO
650 _aVARIEDADE
650 _aSÃO PAULO
773 0 _tRevista Brasileira de Fruticultura (Brazil)
_xISSN 0100-2945
_g(Dec 2003), v. 25(3) p. 549-551
_wBR0402543
909 _a202311
_bLúcia
_c55
_dLúcia Elande
942 _2AGRIS
_n0
_cANA
999 _c178842
_d178842